| 000 | 01029cam a2200145 4500500 | ||
|---|---|---|---|
| 005 | 20260208031836.0 | ||
| 041 | _afre | ||
| 042 | _adc | ||
| 100 | 1 | 0 |
_aGuillaume, Astrid _eauthor |
| 245 | 0 | 0 | _aMittelhochdeutsche Minnereden und Minneallegorien der Wiener Handschrift 2796 und der Heidelberger Handschrift Pal. germ. 348, sous la dir. de Michael MAREINER, t. 2, « Von einem Schatz ». Eine mittelhochdeutsche Minneallegorie. Wörterbuch und Reimwörterbuch, Berne-Berlin-Bruxelles-Francfort-New York-Vienne, Lang, 2003 ; 1 vol., 466 p. (Europäische Hochschulschriften. European University Studies. Publications universitaires européennes., 1re sér., Deutsche Sprache und Literatur. Langue et littérature allemandes. German Language and Literature, 1863). ISBN : 3-03910-087-4. Prix : €63,80. |
| 260 | _c2005. | ||
| 500 | _a12 | ||
| 786 | 0 | _nLe Moyen Age | CXI | 2 | 2005-09-01 | p. XXXI-XXXI | 0027-2841 | |
| 856 | 4 | 1 | _uhttps://shs.cairn.info/revue-le-moyen-age-2005-2-page-XXXI?lang=fr&redirect-ssocas=7080 |
| 999 |
_c1662032 _d1662032 |
||